Name The Largest City #1 - Statistics

General Stats
  • This quiz has been taken 14 times
  • The average score is 11 of 15
Answer Stats
Hint Answer % Correct
Second Largest City in Turkey, also the capital Ankara
100%
Fourth Largest Metropolitan Area of Canada Calgary
100%
Largest Single City of Belgium Antwerp
92%
Fifth Largest City of Italy, located in Sicily Palermo
92%
Largest Metropolitan Area of Germany Ruhrgebiet (Ruhr)
92%
Fourth Largest City of Italy, the capital of Italy when it was first united, also home to Fiat Turin
92%
Fourth Largest City of France, home to Airbus Toulouse
83%
Second Largest Metropolitan Area of the US East Coast Washington - Arlington - Alexandria
83%
Third Largest City of Switzerland Basel
67%
Fourth Largest City in Turkey, one of the old Ottoman capitals Bursa
58%
Third Largest City of Wisconsin, the smallest city that is currently hosting NFL Green Bay
58%
Fifth Largest City of Austria, being connected to Italy with a base tunnel under the Alps Innsbruck
58%
Largest Spanish City not Located in the Iberian Peninsula, Number 8 of Spain to be exact Palma
58%
Largest City of Baden-Württemberg, Germany Stuttgart
50%
Largest City of Miyagi Prefecture, located in the northern part of the country Sendai
33%
No matching quizzes found
Score Distribution
Percent of People with Each Score
Percentile by Number Answered
Your Score History
You have not taken this quiz